[Event "Dortmund Sparkassen op-B"]
[Site "Dortmund"]
[Date "2015.06.27"]
[Round "1"]
[White "Sherif, Malik"]
[Black "Georg, Felix"]
[Result "1/2-1/2"]
[WhiteElo "1576"]
[BlackElo "1775"]
[PlyCount "91"]
[EventDate "2015.06.27"]
[EventType "swiss"]
[EventRounds "9"]
[EventCountry "GER"]
[SourceTitle "CBM 167 Extra"]
[Source "ChessBase"]
[SourceDate "2015.09.14"]
[SourceVersion "1"]
[SourceVersionDate "2015.09.14"]
[SourceQuality "1"]

1. Nf3 c5 2. g3 Nc6 3. Bg2 g6 4. 0-0 Bg7 5. c3 d6 6. d3 e6 7. Nbd2 Nge7 8. e4 0-0 9. Nb3 Rb8 10. d4 b6 11. Bf4 Rb7 12. Re1 Rd7 13. d5 exd5 14. exd5 Ne5 15. Nxe5 dxe5 16. Bxe5 Nxd5 17. Bxg7 Kxg7 18. Qc2 Re8 19. Rad1 Rxe1+ 20. Rxe1 Nc7 21. Bf3 a5 22. Rd1 Ba6 23. Rxd7 Qxd7 24. c4 Qe6 25. Nd2 Qe1+ 26. Kg2 Ne6 27. Nb3 a4 28. Nd2 Nd4 29. Qc3 Qe5 30. Ba8 Bc8 31. Qd3 Qe6 32. Bd5 Qh3+ 33. Kg1 Be6 34. Bxe6 Qxe6 35. Qe4 Kf6 36. Qxe6+ Kxe6 37. Ne4 h5 38. Nc3 Nf3+ 39. Kg2 Ne5 40. Nxa4 Nd7 41. Kf3 Ne5+ 42. Ke2 Nxc4 43. b3 Na5 44. Nxb6 f5 45. Kd3 g5 46. Nc4 1/2-1/2

[Event "GER-ch U25 op-B"]
[Site "Oberhof"]
[Date "2013.05.20"]
[Round "3"]
[White "Sherif, Malik"]
[Black "Morio, Estelle"]
[Result "1-0"]
[WhiteElo "1440"]
[BlackElo "1322"]
[PlyCount "81"]
[EventDate "2013.05.19"]
[EventType "swiss"]
[EventRounds "9"]
[EventCountry "GER"]
[SourceTitle "CBM 154 Extra"]
[Source "ChessBase"]
[SourceDate "2013.06.25"]
[SourceVersion "2"]
[SourceVersionDate "2013.06.25"]
[SourceQuality "1"]

1. e4 d6 2. d4 Nf6 3. Nc3 Nbd7 4. g4 h6 5. Be3 e5 6. h3 Be7 7. Bg2 c6 8. Nge2 Qc7 9. Ng3 Nb6 10. Qd3 Bd7 11. Nce2 0-0-0 12. f4 g6 13. Rf1 Rdf8 14. f5 gxf5 15. Nxf5 Bxf5 16. Rxf5 Nfd7 17. Rh5 Qd8 18. Rxh6 Bh4+ 19. Kd1 Rxh6 20. Bxh6 Rg8 21. c3 Qf6 22. Bd2 Qf2 23. Qf3 Qxf3 24. Bxf3 Nc4 25. b3 Nxd2 26. Kxd2 Rh8 27. Bg2 Kd8 28. Rf1 Ke7 29. Rf5 Rh6 30. Kd3 a6 31. Ng1 Rh8 32. Nf3 Bf6 33. g5 Bg7 34. h4 Rh7 35. Bh3 Bh8 36. Bg4 Bg7 37. h5 exd4 38. cxd4 c5 39. g6 fxg6 40. hxg6 Rh6 41. Rf7+ 1-0

[Event "Solingen-ch"]
[Site "Solingen"]
[Date "2012.11.09"]
[Round "5"]
[White "Ehringfeld, Michael"]
[Black "Sherif, Malik"]
[Result "1/2-1/2"]
[WhiteElo "1367"]
[BlackElo "1361"]
[PlyCount "63"]
[EventDate "2012.09.14"]
[EventType "swiss"]
[EventRounds "7"]
[EventCountry "GER"]
[SourceTitle "EXT 2015"]
[Source "ChessBase"]
[SourceDate "2014.11.20"]
[SourceVersion "1"]
[SourceVersionDate "2014.11.20"]
[SourceQuality "1"]

1. d4 d5 2. Nf3 Nf6 3. h3 Bf5 4. Bf4 Nc6 5. a3 e6 6. e3 a6 7. Bd3 Bxd3 8. Qxd3 Bd6 9. Bxd6 Qxd6 10. Nbd2 0-0 11. c4 Rfe8 12. c5 Qe7 13. 0-0 e5 14. dxe5 Nxe5 15. Nxe5 Qxe5 16. b4 Qe6 17. Nf3 Qe4 18. Qe2 d4 19. Nd2 Qe6 20. Rfe1 dxe3 21. fxe3 Nd5 22. Nc4 Rad8 23. Qc2 Qf6 24. Rad1 Qc3 25. Qe2 Re4 26. Rd4 Rxd4 27. exd4 h6 28. Rd1 Nf4 29. Qe3 Qxe3+ 30. Nxe3 Nd5 31. Nxd5 Rxd5 32. Kf2 1/2-1/2

[Event "GER-ch U25 op-B"]
[Site "Oberhof"]
[Date "2012.06.01"]
[Round "8"]
[White "Gast, Antonia"]
[Black "Sherif, Malik"]
[Result "1/2-1/2"]
[WhiteElo "1395"]
[BlackElo "1217"]
[PlyCount "53"]
[EventDate "2012.05.27"]
[EventType "swiss"]
[EventRounds "9"]
[EventCountry "GER"]
[SourceTitle "CBM 148 Extra"]
[Source "ChessBase"]
[SourceDate "2012.06.22"]
[SourceVersion "1"]
[SourceVersionDate "2012.06.22"]
[SourceQuality "1"]

1. c4 e5 2. Nc3 Nf6 3. g3 d5 4. cxd5 Nxd5 5. Bg2 Nb6 6. e3 Nc6 7. a3 Be7 8. Nge2 0-0 9. 0-0 Be6 10. d4 exd4 11. Nxd4 Nxd4 12. Qxd4 Qxd4 13. exd4 c6 14. Bf4 Rfd8 15. Rad1 Nc4 16. Bc1 Bf6 17. Ne2 Bf5 18. Be3 Nxb2 19. Rc1 Be7 20. Rc3 Na4 21. Rb3 Nb6 22. a4 Be6 23. Rbb1 Rab8 24. a5 Nd5 25. Bd2 Bf6 26. Rfc1 Bf5 27. Rb3 1/2-1/2

[Event "Solingen-ch"]
[Site "Solingen"]
[Date "2011.12.02"]
[Round "6"]
[White "Sherif, Malik"]
[Black "Moeller, Laura"]
[Result "1-0"]
[WhiteElo "1052"]
[BlackElo "770"]
[PlyCount "85"]
[EventDate "2011.09.23"]
[EventType "swiss"]
[EventRounds "7"]
[EventCountry "GER"]
[SourceTitle "EXT 2015"]
[Source "ChessBase"]
[SourceDate "2014.11.20"]
[SourceVersion "1"]
[SourceVersionDate "2014.11.20"]
[SourceQuality "1"]

1. Nf3 d5 2. g3 Nf6 3. Bg2 c6 4. 0-0 Bf5 5. d3 Nbd7 6. Bf4 e6 7. Nc3 Be7 8. Qd2 0-0 9. Rfe1 b5 10. Nd4 Qb6 11. Nxf5 exf5 12. Bh3 Bc5 13. e3 d4 14. Nd1 Nd5 15. Bxf5 Bb4 16. c3 dxc3 17. bxc3 Bc5 18. Bxd7 Rad8 19. Bh3 Nxf4 20. exf4 b4 21. Bg2 Qb5 22. c4 Qb6 23. Rb1 a5 24. a3 Qa6 25. Re5 Bd6 26. Re3 bxa3 27. Rc1 Bc5 28. Re5 Bb4 29. Nc3 Qb6 30. Re3 Bxc3 31. Rxc3 Rde8 32. Rxa3 Qb1+ 33. Bf1 Rxe3 34. Qxe3 Rb8 35. Rxa5 Qd1 36. Qa7 Rf8 37. Ra1 Qf3 38. Qe3 Qh5 39. Bg2 f6 40. Bxc6 f5 41. Bd5+ Kh8 42. Qf3 Qh3 43. Ra8 1-0